Online
Catalog

Visión general sobre el Buda-Dharma : (Record no. 46879)

MARC details
000 -CABECERA
campo de control de longitud fija 00746nam a2200193 a 4500
001 - NÚMERO DE CONTROL
campo de control 000047391
005 - FECHA Y HORA DE LA ÚLTIMA TRANSACCIÓN
campo de control 20201002060520.0
008 - DATOS DE LONGITUD FIJA--INFORMACIÓN GENERAL
campo de control de longitud fija 180606s2003 dr 000 0 spa d
020 ## - NÚMERO INTERNACIONAL ESTÁNDAR DEL LIBRO
Número Internacional Estándar del Libro 9993432052
040 ## - FUENTE DE LA CATALOGACIÓN
Centro catalogador/agencia de origen DO-SdBNP
Lengua de catalogación spa
Centro/agencia transcriptor BNPHU
082 ## - NÚMERO DE LA CLASIFICACIÓN DECIMAL DEWEY
Número de clasificación xxx
Número de documento/Ítem xxxx
100 1# - ENTRADA PRINCIPAL--NOMBRE DE PERSONA
Nombre de persona Sheng-yen, Lu
Fechas asociadas al nombre 1945-
9 (RLIN) 75034
240 10 - TÍTULO UNIFORME
Título uniforme An overview of the Buddhadarma :
Información miscelánea a discourse by master Sheng-yen Lu, (living Buddha Liang-sheng) /
245 10 - MENCIÓN DE TÍTULO
Título Visión general sobre el Buda-Dharma :
Resto del título discurso del maestro Sheng-yen Lu, buda viviente Lien-shen /
Mención de responsabilidad, etc. Sheng-yen Lu ; traducción Renate Roos.
260 ## - PUBLICACIÓN, DISTRIBUCIÓN, ETC.
Lugar de publicación, distribución, etc. Santo Domingo :
Nombre del editor, distribuidor, etc. Templo Chang Ming Tang,
Fecha de publicación, distribución, etc. 2003.
300 ## - DESCRIPCIÓN FÍSICA
Extensión 168 p. ;
Dimensiones 23 cm.
590 ## - NOTA LOCAL (RLIN)
Nota local Inventariado, 2018/ YL
700 1# - PUNTO DE ACCESO ADICIONAL--NOMBRE DE PERSONA
Nombre de persona Roos, Renate
Término indicativo de función/relación trad.
9 (RLIN) 21337
Holdings
Estado de retiro Estado de pérdida No para préstamo Código de colección Localización permanente Ubicación/localización actual Ubicación en estantería Fecha de adquisición Número de inventario Total de préstamos Signatura topográfica completa Código de barras Fecha visto por última vez Precio válido a partir de Tipo de ítem Koha Número de copia
    Excluido de préstamo Patrimonio Dominicano Patrimonio Dominicano Patrimonio Dominicano En catalogación 11.05.2018 LF1   xxx xxxx 47391-10 25.06.2020 25.06.2020 Libro y Folleto Colección Patrimonio Dominicano  
    Excluido de préstamo Patrimonio Dominicano Patrimonio Dominicano Patrimonio Dominicano En catalogación 11.05.2018 LF1   xxx xxxx 47391-20 25.06.2020 25.06.2020 Libro y Folleto Colección Patrimonio Dominicano e. 2

Powered by Koha